[Event "Paul Keres Memorial 2015"]
[Site "Tallinn EST"]
[Date "2016.01.09"]
[Round "5.8"]
[White "Yevseev, Denis"]
[Black "Kovalenko, Igor"]
[Result "0-1"]
[WhiteTitle "GM"]
[BlackTitle "GM"]
[WhiteElo "2526"]
[BlackElo "2680"]
[WhiteFideId "4126378"]
[BlackFideId "14117908"]
[EventDate "2016.01.08"]

1. Nf3 Nf6 2. c4 e6 3. g3 d5 4. d4 dxc4 5. Bg2 Bb4+ 6. Bd2 a5 7. O-O O-O 8. Bg5
h6 9. Bxf6 Qxf6 10. a3 Bd6 11. Nc3 Nc6 12. e3 e5 13. d5 Na7 14. Nd2 b5 15. a4
Bd7 16. axb5 Nxb5 17. Nce4 Qe7 18. Nxc4 Bb4 19. Nc3 Nd6 20. Nd2 Rfb8 21. Qc2 Bf5
22. e4 Bd7 23. Rfc1 Ra7 24. Na4 c6 25. dxc6 Rc7 26. Qd3 Rxc6 27. Rxc6 Bxc6 28.
Nc3 Qe6 29. Nd5 Bxd2 30. Qxd2 Bxd5 31. Qxd5 Qxd5 32. exd5 Rb5 33. h4 g6 34. Rc1
Kf8 35. Rc6 Ke7 36. Ra6 e4 37. Ra7+ Kf6 38. f3 e3 39. f4 Rxb2 40. Bf3 Rf2 0-1

[Event "Paul Keres Memorial 2015"]
[Site "Tallinn EST"]
[Date "2016.01.09"]
[Round "5.10"]
[White "Mustaps, Matiss"]
[Black "Berkes, Ferenc"]
[Result "0-1"]
[WhiteTitle "FM"]
[BlackTitle "GM"]
[WhiteElo "2308"]
[BlackElo "2652"]
[WhiteFideId "11602295"]
[BlackFideId "718572"]
[EventDate "2016.01.08"]

1. e4 c6 2. d4 d5 3. f3 e6 4. Nc3 Nf6 5. Bd3 c5 6. exd5 exd5 7. dxc5 Bxc5 8.
Nge2 O-O 9. Na4 Qa5+ 10. c3 Bd6 11. Bf4 Bxf4 12. Nxf4 Re8+ 13. Ne2 Bd7 14. b3 b5
15. Nb2 d4 16. Qc2 dxc3 17. Nd1 b4 18. O-O Nc6 19. Nf2 Ne5 20. a3 Nxd3 21. Nxd3
Qb6+ 22. Rf2 a5 23. Nef4 Bf5 24. g4 Bxd3 25. Nxd3 Nd5 26. axb4 axb4 27. Rxa8
Rxa8 28. Qe2 Ne3 29. h4 c2 0-1

[Event "Paul Keres Memorial 2015"]
[Site "Tallinn EST"]
[Date "2016.01.09"]
[Round "6.2"]
[White "Howell, David W L"]
[Black "Matlakov, Maxim"]
[Result "1-0"]
[WhiteTitle "GM"]
[BlackTitle "GM"]
[WhiteElo "2685"]
[BlackElo "2682"]
[WhiteFideId "410608"]
[BlackFideId "4168003"]
[EventDate "2016.01.08"]

1. Nf3 d5 2. c4 e6 3. g3 Nf6 4. Bg2 Be7 5. O-O O-O 6. d4 dxc4 7. Qc2 a6 8. a4
Bd7 9. Qxc4 Bc6 10. Bg5 a5 11. Nc3 Ra6 12. e3 Rb6 13. Qe2 Bxf3 14. Bxf3 c6 15.
Rfd1 Nbd7 16. Bxf6 Nxf6 17. Qc2 h6 18. Nb1 Bb4 19. Na3 Be7 20. Nc4 Rb4 21. Rd2
Qc7 22. Rad1 Nd7 23. b3 Nb6 24. Nxa5 Ra8 25. Nxb7 Qxb7 26. Bxc6 Qb8 27. Bxa8
Qxa8 28. Rc1 Qa5 29. Rd3 g6 30. Qc7 Bf6 31. Qc5 1-0

[Event "Paul Keres Memorial 2015"]
[Site "Tallinn EST"]
[Date "2016.01.09"]
[Round "6.3"]
[White "Georgiev, Kiril"]
[Black "Motylev, Alexander"]
[Result "1/2-1/2"]
[WhiteTitle "GM"]
[BlackTitle "GM"]
[WhiteElo "2624"]
[BlackElo "2656"]
[WhiteFideId "2900017"]
[BlackFideId "4121830"]
[EventDate "2016.01.08"]

1. d4 d5 2. Nf3 Nf6 3. c4 c6 4. e3 Bf5 5. Nc3 e6 6. Nh4 Bg6 7. Be2 Nbd7 8. O-O
Bd6 9. h3 Qe7 10. Bd2 dxc4 11. Nxg6 hxg6 12. Bxc4 Nb6 13. Bb3 e5 14. a4 a5 15.
Qc2 Bc7 16. dxe5 Bxe5 17. f4 Bd6 18. e4 Bc5+ 19. Kh1 O-O-O 20. e5 Qd7 21. Rf3
Qxd2 22. Qxd2 Rxd2 23. exf6 Rxb2 24. fxg7 Rg8 25. Ne4 Be7 26. Bxf7 Rxg7 27. Rb3
Rxf7 28. Rxb2 Rxf4 29. Re2 Kc7 30. g3 Rf7 31. Kg2 Nd5 32. Rf2 Rxf2+ 33. Kxf2 Bb4
34. h4 b5 35. axb5 cxb5 36. g4 a4 37. h5 gxh5 38. gxh5 Bf8 39. Kf3 Kb6 40. Rd1
a3 41. Rxd5 a2 42. Rd1 Bg7 43. h6 a1=Q 44. Rxa1 Bxa1 1/2-1/2

[Event "Paul Keres Memorial 2015"]
[Site "Tallinn EST"]
[Date "2016.01.09"]
[Round "6.4"]
[White "Kovalenko, Igor"]
[Black "Mikhalevski, Victor"]
[Result "1/2-1/2"]
[WhiteTitle "GM"]
[BlackTitle "GM"]
[WhiteElo "2680"]
[BlackElo "2528"]
[WhiteFideId "14117908"]
[BlackFideId "2801914"]
[EventDate "2016.01.08"]

1. c4 e5 2. g3 c6 3. Nf3 e4 4. Nd4 d5 5. cxd5 Qxd5 6. Nc2 Nf6 7. Nc3 Qe5 8. b3
Bc5 9. Bg2 Bf5 10. Bb2 Qe7 11. Ne3 Bg6 12. Qc2 Nbd7 13. g4 Bxe3 14. dxe3 Nxg4
15. Nxe4 f5 16. Ng3 f4 17. Nf5 fxe3 18. O-O-O Nxf2 19. Rd4 Bxf5 20. Qxf5 Qc5+
21. Qxc5 Nxc5 22. Rg1 Rf8 23. Ba3 Rf5 24. Bxc6+ bxc6 25. Rxg7 Kf8 26. Rxh7 Re8
27. Rdd7 Kg8 28. Rdg7+ Kf8 29. Rxa7 Kg8 30. Rag7+ Kf8 31. Rc7 Kg8 32. Rcg7+ Kf8
33. Kc2 Rd8 34. Ra7 Kg8 35. Rag7+ Kf8 36. Ra7 Kg8 37. Rag7+ Kf8 38. Bc1 Ne6 39.
Ra7 Rc5+ 40. Kb1 Kg8 41. Bxe3 Rd1+ 42. Kb2 Re5 43. Rhe7 Ng4 44. Re8+ Nf8 45.
Rxe5 Nxe5 46. Kc3 Nfd7 47. Bf4 Kf8 48. a4 Ke8 49. h4 Rh1 50. Bxe5 Nxe5 51. Rh7
c5 52. h5 Rh3+ 53. Kc2 c4 54. bxc4 Nxc4 55. h6 Kf8 56. Rc7 Nb6 57. h7 Nxa4 58.
e4 Nb6 59. Kd2 Nc4+ 60. Rxc4 Ke7 61. Rc7+ Kd6 62. Rg7 Ke5 63. Re7+ Kf6 64. Re8
Rxh7 65. Ke3 Re7 66. Kd4 1/2-1/2

[Event "Paul Keres Memorial 2015"]
[Site "Tallinn EST"]
[Date "2016.01.09"]
[Round "6.5"]
[White "Svidler, Peter"]
[Black "Goganov, Aleksey"]
[Result "1-0"]
[WhiteTitle "GM"]
[BlackTitle "GM"]
[WhiteElo "2751"]
[BlackElo "2591"]
[WhiteFideId "4102142"]
[BlackFideId "24109959"]
[EventDate "2016.01.08"]

1. e4 e5 2. Nf3 Nc6 3. Bb5 Nf6 4. d3 Bc5 5. c3 O-O 6. O-O Re8 7. Bg5 h6 8. Bh4
a6 9. Ba4 b5 10. Bb3 Be7 11. Bg3 d6 12. Nbd2 Bf8 13. Re1 g6 14. d4 Bg7 15. a4
Bb7 16. d5 Ne7 17. c4 c6 18. dxc6 Bxc6 19. axb5 axb5 20. Rxa8 Qxa8 21. cxb5 Bxe4
22. Nc4 Bxf3 23. Qxf3 Qxf3 24. gxf3 Nf5 25. Rd1 Bf8 26. b6 d5 27. Ba4 Re7 28.
Bxe5 dxc4 29. Bxf6 Rb7 30. Bd8 Bc5 31. Bc6 Rxb6 32. Bxb6 Bxb6 33. Rd7 Bc5 34.
Bd5 Nd6 35. Rc7 Bd4 36. Rc6 Be5 37. f4 Bxf4 38. Bxc4 Kf8 39. Rc7 f5 40. h3 Bd2
41. Bd5 g5 42. Kf1 h5 43. Ke2 Bf4 44. Rh7 h4 45. Kd3 Be5 46. b4 Bg7 47. f4 Bf6
48. fxg5 1-0

[Event "Paul Keres Memorial 2015"]
[Site "Tallinn EST"]
[Date "2016.01.09"]
[Round "6.7"]
[White "Fridman, Daniel"]
[Black "Gunina, Valentina"]
[Result "1-0"]
[WhiteTitle "GM"]
[BlackTitle "GM"]
[WhiteElo "2624"]
[BlackElo "2496"]
[WhiteFideId "11600454"]
[BlackFideId "4167570"]
[EventDate "2016.01.08"]

1. d4 d5 2. c4 c6 3. Nf3 Nf6 4. Nc3 dxc4 5. a4 Bf5 6. Ne5 Nbd7 7. Nxc4 Nb6 8.
Ne3 Bg6 9. a5 Nbd5 10. a6 b6 11. Nc4 e6 12. Ne5 Nb4 13. Nxg6 hxg6 14. e3 Bd6 15.
h3 e5 16. Be2 exd4 17. exd4 O-O 18. O-O Bc7 19. Bf3 Qd6 20. g3 Rad8 21. Bf4 Qd7
22. Bxc7 Qxc7 23. Bg2 Qd6 24. Qa4 Rfe8 25. Rad1 Nbd5 26. Nxd5 cxd5 27. Rc1 Ne4
28. Qb5 f5 29. Rc6 Qd7 30. Rfc1 Kh7 31. Bf1 f4 32. g4 Qe7 33. Qd3 Rd6 34. Rxd6
Qxd6 35. Qb5 Qe7 36. Qxd5 Nxf2 37. Qf3 Ne4 38. Qxf4 Qb4 39. Rd1 Nf6 40. Qd2 Qd6
41. Bg2 Nd5 42. Qf2 Nf4 43. Bf1 g5 44. d5 Rf8 45. Qe3 Kh6 46. Kh1 Nxd5 47. Bg2
Qf4 48. Qxf4 Nxf4 49. Rd7 Rc8 50. Be4 Rc4 51. Ba8 Rc1+ 52. Kh2 Rc2+ 53. Kg3 Rxb2
54. Rxa7 Ra2 55. Be4 Ra3+ 56. Kf2 Nxh3+ 57. Ke2 Ra2+ 58. Ke3 Ra3+ 59. Kd4 Ra4+
60. Ke5 Nf2 61. Bc6 Nxg4+ 62. Kd6 Rd4+ 63. Kc7 Ne5 64. Bb5 Rd5 65. Kxb6 g4 66.
Rc7 g3 67. a7 Rd8 68. Rc3 Nf7 69. Bc6 1-0

[Event "Paul Keres Memorial 2015"]
[Site "Tallinn EST"]
[Date "2016.01.09"]
[Round "6.9"]
[White "Miton, Kamil"]
[Black "Ladva, Ottomar"]
[Result "1-0"]
[WhiteTitle "GM"]
[BlackTitle "IM"]
[WhiteElo "2612"]
[BlackElo "2404"]
[WhiteFideId "1111914"]
[BlackFideId "4500024"]
[EventDate "2016.01.08"]

1. d4 Nf6 2. c4 e6 3. g3 c5 4. Nf3 cxd4 5. Nxd4 d5 6. Bg2 e5 7. Nf3 d4 8. O-O
Nc6 9. e3 Bc5 10. exd4 exd4 11. Re1+ Be6 12. Ng5 O-O 13. Nxe6 fxe6 14. Nd2 e5
15. Ne4 Nxe4 16. Bxe4 Qf6 17. Rf1 Rad8 18. a3 d3 19. Bd5+ Kh8 20. Qxd3 Ne7 21.
Be3 Nxd5 22. Bxc5 Nf4 23. Qe4 Nh3+ 24. Kh1 Ng5 25. Qg2 Rf7 26. Rad1 Nf3 27. Rd5
Rxd5 28. cxd5 b6 29. Bb4 Qg6 30. Rd1 a5 31. Bc3 h6 32. d6 Qc2 33. Qf1 Nd4 34.
Qd3 Qxf2 35. Bxd4 exd4 36. Qxd4 Qe2 37. Kg1 Rd7 38. Rf1 Qe6 39. Rf8+ Kh7 40.
Qd3+ g6 41. Qd4 Qe1+ 42. Kg2 Qe2+ 43. Rf2 Qe6 44. Rd2 Kg8 45. h4 b5 46. Qd5
Qxd5+ 47. Rxd5 Kf7 48. Kf3 Ke6 49. Rxb5 Rxd6 50. Rxa5 Rd3+ 51. Kf4 Rb3 52. Re5+
Kf7 53. Re2 Kf6 54. Rf2 Ke6 55. Re2+ Kf6 56. Rc2 Ke6 57. g4 Rh3 58. Rc6+ Kf7 59.
h5 gxh5 60. Rxh6 Rb3 61. Rxh5 Rxb2 62. Rf5+ Kg6 63. Re5 Rf2+ 64. Ke4 Rg2 65. Kf3
Ra2 66. Ra5 Ra1 67. Ke4 Rg1 68. g5 Rg4+ 69. Kd3 Kf7 70. Kc3 Rg3+ 71. Kb4 Rg4+
72. Kc3 Rg3+ 73. Kd4 Rg4+ 74. Ke3 Kg6 75. a4 Kf7 76. Kd3 Kg6 77. Kc3 Kf7 78. Kb3
Rg3+ 79. Kc4 Rg4+ 80. Kd3 Kg6 81. Kc3 Kf7 82. Ra7+ Ke6 83. g6 Kd5 84. g7 Kc5 85.
a5 Kb5 86. Kd3 Kc5 87. Ke3 Kd6 88. Kf3 Rg1 89. a6 Kc6 90. Kf2 Rg5 91. Rf7 Kd5 1-0

[Event "Paul Keres Memorial 2015"]
[Site "Tallinn EST"]
[Date "2016.01.09"]
[Round "6.10"]
[White "Lanka, Zigurds"]
[Black "Jumabayev, Rinat"]
[Result "0-1"]
[WhiteTitle "GM"]
[BlackTitle "GM"]
[WhiteElo "2439"]
[BlackElo "2607"]
[WhiteFideId "11600047"]
[BlackFideId "13702661"]
[EventDate "2016.01.08"]

1. e4 e5 2. Nf3 Nc6 3. Bb5 a6 4. Ba4 Nf6 5. O-O Be7 6. d3 b5 7. Bb3 d6 8. c3 O-O
9. Re1 Bb7 10. Nbd2 Re8 11. Nf1 Bf8 12. a4 h6 13. Ne3 Ne7 14. Ba2 Qd7 15. Nh4 d5
16. exd5 Nexd5 17. Nef5 Rad8 18. axb5 axb5 19. Qf3 Kh8 20. Bb3 Bc6 21. Qh3 Nh5
22. g3 Nb6 23. g4 Nf4 24. Bxf4 exf4 25. Nd4 Ba8 26. Rxe8 Rxe8 27. Nhf5 c5 28.
Nf3 c4 29. dxc4 Nxc4 30. N3d4 Nd2 31. Bc2 Qd5 32. f3 Nxf3+ 33. Nxf3 Qxf3 34.
Qxf3 Bxf3 35. h3 Bd5 36. b4 Rc8 37. Ra3 Bxb4 38. cxb4 Rxc2 39. Rd3 Be6 40. Rd8+
Kh7 41. Nd4 Rc1+ 42. Kf2 Bc4 43. Kf3 Rb1 44. Kxf4 Rxb4 45. h4 Rb1 46. g5 h5 47.
Nf3 Rf1 48. Ke3 Rh1 49. Rd6 Be6 50. Rb6 Rb1 51. Nd4 Re1+ 52. Kf4 Bd5 53. Kg3 Re4
54. Nf5 Be6 55. Ne7 Rg4+ 56. Kf3 Bc4 57. Nf5 Bd3 58. Nd6 Bc4 59. Nf5 Bd5+ 60.
Ke3 Re4+ 61. Kd3 Rf4 62. Ne7 Bc4+ 63. Ke3 Rxh4 64. g6+ fxg6 65. Nxg6 Rh1 66. Kf4
Rf1+ 67. Kg5 Rg1+ 68. Kxh5 Be2+ 0-1

[Event "Paul Keres Memorial 2015"]
[Site "Tallinn EST"]
[Date "2016.01.09"]
[Round "7.2"]
[White "Motylev, Alexander"]
[Black "Svidler, Peter"]
[Result "1/2-1/2"]
[WhiteTitle "GM"]
[BlackTitle "GM"]
[WhiteElo "2656"]
[BlackElo "2751"]
[WhiteFideId "4121830"]
[BlackFideId "4102142"]
[EventDate "2016.01.08"]

1. e4 c5 2. Nf3 e6 3. d4 cxd4 4. Nxd4 Nc6 5. Nc3 Qc7 6. Be3 Nf6 7. f4 Bb4 8. Nb5
Qa5 9. e5 Nd5 10. Bd2 Nxc3 11. Bxc3 O-O 12. Qd2 a6 13. Bxb4 Qxb4 14. Qxb4 Nxb4
15. Nd4 1/2-1/2

[Event "Paul Keres Memorial 2015"]
[Site "Tallinn EST"]
[Date "2016.01.09"]
[Round "7.3"]
[White "Gelfand, Boris"]
[Black "Georgiev, Kiril"]
[Result "1/2-1/2"]
[WhiteTitle "GM"]
[BlackTitle "GM"]
[WhiteElo "2735"]
[BlackElo "2624"]
[WhiteFideId "2805677"]
[BlackFideId "2900017"]
[EventDate "2016.01.08"]

1. d4 Nf6 2. c4 e6 3. Nf3 b6 4. g3 Bb4+ 5. Bd2 Bxd2+ 6. Qxd2 Ba6 7. b3 c6 8. Bg2
d5 9. O-O O-O 10. Rc1 Nbd7 11. a4 Qe7 12. Na3 Rfc8 13. b4 Bb7 14. Rcb1 e5 15.
Nxe5 Nxe5 16. dxe5 Qxe5 17. cxd5 cxd5 18. Rd1 h6 19. Rac1 Rxc1 20. Rxc1 Rc8 21.
e3 Ne4 22. Rxc8+ Bxc8 23. Bxe4 Qxe4 24. Qc2 Bd7 25. Qxe4 dxe4 26. Nb5 a5 27.
bxa5 bxa5 28. Nd6 Bxa4 29. Nc4 Bb3 30. Nxa5 Bd5 31. Kf1 Kh7 32. Ke1 Kg6 33. Kd2
Kg5 34. h3 h5 35. Kc3 Be6 36. Kd4 Bxh3 37. Nc4 Be6 38. Nd6 f5 39. Ke5 Bd7 40.
Nf7+ Kg4 41. Kd6 Bc8 42. Ne5+ Kh3 43. Ng6 Kg2 44. Ke5 Kxf2 45. Kf4 Be6 46. Nf8
Bf7 47. Nh7 g6 48. Nf6 Be6 49. Nh7 Kg2 50. Nf6 Bf7 51. Nh7 Bg8 52. Nf6 Bc4 53.
Nh7 Kf2 54. Nf6 Bb3 55. Nh7 Ba2 56. Nf6 Kg2 57. Nh7 Bf7 58. Nf6 g5+ 59. Kxg5
Kxg3 60. Kxf5 h4 61. Nxe4+ Kg2 62. Ng5 Bh5 63. Kf4 Be2 64. e4 1/2-1/2

[Event "Paul Keres Memorial 2015"]
[Site "Tallinn EST"]
[Date "2016.01.09"]
[Round "7.4"]
[White "Jumabayev, Rinat"]
[Black "Fridman, Daniel"]
[Result "1-0"]
[WhiteTitle "GM"]
[BlackTitle "GM"]
[WhiteElo "2607"]
[BlackElo "2624"]
[WhiteFideId "13702661"]
[BlackFideId "11600454"]
[EventDate "2016.01.08"]

1. d4 Nf6 2. Nf3 e6 3. c4 Bb4+ 4. Nbd2 O-O 5. g3 d5 6. Bg2 dxc4 7. Qc2 Nc6 8.
Qxc4 Qd5 9. O-O Bxd2 10. Qxd5 exd5 11. Bxd2 Re8 12. e3 Bf5 13. Rfc1 Be4 14. b4
Rac8 15. b5 Nb8 16. Rc3 c6 17. Rac1 Nfd7 18. bxc6 Rxc6 19. Rxc6 Nxc6 20. Ne1
Bxg2 21. Kxg2 Rc8 22. Nd3 Nb6 23. Rc5 Nc4 24. Bb4 Rd8 25. Be1 f6 26. Nf4 Nb6 27.
Ba5 Nxa5 28. Rxa5 a6 29. h4 Kf7 30. Rc5 Rd7 31. g4 Ke7 32. Kf3 Kd6 33. Nh5 Rf7
34. Ke2 g6 35. Nf4 Rf8 36. Kd3 g5 37. Ng2 Rg8 38. f3 h6 39. hxg5 hxg5 40. e4 Rh8
41. Ne3 Rh3 42. Nf5+ Kd7 43. exd5 Rxf3+ 44. Ke2 Ra3 45. d6 Rxa2+ 46. Kd3 Na8 47.
Rc1 Rh2 48. Rb1 b6 49. Re1 Rh7 50. d5 Rh3+ 51. Kd4 Rh7 52. Re2 Kd8 53. Re7 Rxe7
54. dxe7+ 1-0

[Event "Paul Keres Memorial 2015"]
[Site "Tallinn EST"]
[Date "2016.01.09"]
[Round "7.5"]
[White "Mikhalevski, Victor"]
[Black "Vitiugov, Nikita"]
[Result "1/2-1/2"]
[WhiteTitle "GM"]
[BlackTitle "GM"]
[WhiteElo "2528"]
[BlackElo "2721"]
[WhiteFideId "2801914"]
[BlackFideId "4152956"]
[EventDate "2016.01.08"]

1. Nf3 d5 2. b3 c6 3. Bb2 Bf5 4. d3 e6 5. g3 h6 6. Bg2 Nf6 7. O-O Be7 8. Nbd2
O-O 9. c4 a5 10. a3 Re8 11. Rc1 Na6 12. Qc2 Bh7 13. Qb1 Nd7 14. Qa1 Bf8 15. Rfe1
Nac5 16. Red1 Qb8 17. Ne5 Nxe5 18. Bxe5 Qd8 19. Bd4 Nd7 20. Bc3 Qe7 21. Bb2 Rec8
22. Rc2 b5 23. cxb5 cxb5 24. Rdc1 Qd8 25. Qb1 Be7 26. Nf3 Nc5 27. Bd4 Nd7 28.
Bb2 Nc5 29. Nd4 Qd7 30. b4 axb4 31. axb4 Na4 32. Ba1 Rxc2 33. Rxc2 Bg6 34. Nc6
Bd6 35. Ne5 Bxe5 36. Bxe5 f6 37. Ba1 Rc8 38. Bh3 Kh7 39. Qc1 Rxc2 40. Qxc2 Bf5
41. Bxf5+ exf5 42. Bd4 Qe6 43. e3 f4 44. gxf4 Qg4+ 45. Kf1 Qh3+ 46. Kg1 Qg4+ 47.
Kf1 Qh3+ 48. Ke2 Qh5+ 49. Ke1 Qxh2 50. Qc6 Qh1+ 51. Ke2 Qh5+ 52. Ke1 Qh1+ 53.
Ke2 Qh5+ 54. Kd2 Qf3 55. Qxb5 Qxf2+ 56. Kc1 Qa2 57. Qb7 Qa3+ 58. Kc2 Qa2+ 59.
Kc1 Qa3+ 60. Kd2 Qa2+ 61. Kc1 Qa3+ 62. Kd2 Qa2+ 63. Kc1 1/2-1/2

[Event "Paul Keres Memorial 2015"]
[Site "Tallinn EST"]
[Date "2016.01.09"]
[Round "7.6"]
[White "Matlakov, Maxim"]
[Black "Miton, Kamil"]
[Result "0-1"]
[WhiteTitle "GM"]
[BlackTitle "GM"]
[WhiteElo "2682"]
[BlackElo "2612"]
[WhiteFideId "4168003"]
[BlackFideId "1111914"]
[EventDate "2016.01.08"]

1. Nf3 d5 2. d4 Nf6 3. c4 c6 4. e3 e6 5. Bd3 Nbd7 6. O-O b6 7. Nc3 Bb7 8. e4
dxe4 9. Nxe4 Be7 10. Bf4 O-O 11. Nxf6+ Nxf6 12. Qe2 c5 13. Rad1 Bxf3 14. Qxf3
cxd4 15. Be5 Bc5 16. Bc2 Qe7 17. b4 Bd6 18. Bxf6 Qxf6 19. Qxf6 gxf6 20. a3 Rfd8
21. g3 Be7 22. Rd2 a5 23. Rb1 axb4 24. axb4 f5 25. Bd3 Ra4 26. Rdb2 Ra3 27. Rd1
Kg7 28. Kf1 Kf6 29. f4 h5 30. Kf2 h4 31. Ke2 Rc3 32. Kf3 hxg3 33. hxg3 Ra8 34.
c5 bxc5 35. bxc5 Bxc5 36. Ke2 Rca3 37. Kf3 Ra2 38. Rdd2 R2a3 39. Ke2 Rh8 40. Kf3
Rh1 41. Ra2 Rc3 42. Rac2 Re1 0-1

[Event "Paul Keres Memorial 2015"]
[Site "Tallinn EST"]
[Date "2016.01.09"]
[Round "7.7"]
[White "Volodin, Aleksandr"]
[Black "Kovalenko, Igor"]
[Result "0-1"]
[WhiteTitle "GM"]
[BlackTitle "GM"]
[WhiteElo "2484"]
[BlackElo "2680"]
[WhiteFideId "4501950"]
[BlackFideId "14117908"]
[EventDate "2016.01.08"]

1. d4 Nf6 2. c4 e6 3. Nf3 d5 4. Nc3 dxc4 5. e3 a6 6. a4 b6 7. Bxc4 Bb7 8. O-O
Nbd7 9. Qe2 Bb4 10. Rd1 O-O 11. Na2 Bd6 12. Nc3 c5 13. b3 cxd4 14. exd4 Re8 15.
Ne5 Qc7 16. f4 Nd5 17. Ne4 Bf8 18. Bd2 f5 19. Ng5 Nxe5 20. dxe5 Bc5+ 21. Kh1 h6
22. Nf3 Qf7 23. Rab1 a5 24. Bxd5 Bxd5 25. Be3 Rab8 26. Nd4 Be4 27. Rbc1 Qg6 28.
Nf3 Rec8 29. Bxc5 bxc5 30. Qe3 Bd5 31. Rc3 Rb4 32. Rdc1 Qg4 33. h3 Qxf4 34. Qxf4
Rxf4 35. Rxc5 Rxc5 36. Rxc5 Bxf3 37. gxf3 Rxf3 38. Kg2 Rxb3 39. Rxa5 f4 40. Ra8+
Kf7 41. a5 Rg3+ 42. Kh2 Ra3 43. a6 Kg6 44. a7 Ra2+ 45. Kg1 Kg5 46. Kf1 Kh4 47.
Re8 Rxa7 48. Rxe6 Kxh3 49. Rg6 Kh4 50. Kf2 Kh5 51. Rd6 Kg4 52. e6 g5 53. Rd7
Ra2+ 54. Ke1 Ra8 55. Rf7 Ra6 56. e7 Re6+ 57. Kf2 Kh5 58. Rg7 Kg4 59. Rf7 h5 60.
Kg2 h4 61. Kf2 Kh5 62. Rg7 Kh6 0-1

[Event "Paul Keres Memorial 2015"]
[Site "Tallinn EST"]
[Date "2016.01.09"]
[Round "7.8"]
[White "Berkes, Ferenc"]
[Black "Lintchevski, Daniil"]
[Result "1-0"]
[WhiteTitle "GM"]
[BlackTitle "GM"]
[WhiteElo "2652"]
[BlackElo "2563"]
[WhiteFideId "718572"]
[BlackFideId "4171055"]
[EventDate "2016.01.08"]

1. d4 d5 2. Bf4 Nf6 3. e3 c5 4. c3 Nc6 5. Nd2 e6 6. Bd3 Be7 7. Bg3 b6 8. f4 O-O
9. Qe2 Bb7 10. Ngf3 a5 11. O-O Qc8 12. Ne5 Nxe5 13. fxe5 Ne4 14. Nxe4 dxe4 15.
Bb5 a4 16. a3 Bd5 17. Rf2 c4 18. Qd1 f5 19. exf6 Bxf6 20. Bxa4 Bg5 21. Rxf8+
Qxf8 22. Bf2 Ra7 23. Bc2 Rf7 24. Qe1 b5 25. h3 h5 26. Bh4 Bh6 27. Qe2 Rf5 28.
Re1 Qf7 29. Bg3 Qg6 30. Kh2 Qf7 31. Qd1 Qf6 32. b4 cxb3 33. Bxb3 Qg6 34. Bxd5
exd5 35. Qe2 Qc6 36. Rb1 Qxc3 37. Qxb5 Bxe3 38. Qe8+ Rf8 39. Qe6+ Kh7 40. Qxd5
Qxd4 41. Qxh5+ Bh6 42. Qg4 Qd3 43. Rd1 Qc2 44. Rd4 e3 45. Qe4+ Qxe4 46. Rxe4 Rf1
47. a4 Ra1 48. h4 e2 49. Kh3 Ra3 50. Kg4 Bd2 51. Bf2 e1=Q 52. Bxe1 Bxe1 53. Rxe1
Rxa4+ 54. Kg5 Ra5+ 55. Kf4 Kg6 56. Re6+ Kf7 57. Re5 Ra2 58. g4 Ra7 59. Kg5 Rb7
60. Ra5 Rc7 61. Kh5 Rb7 62. g5 Rc7 63. Rf5+ Kg8 64. Rb5 Rc6 65. g6 Rc8 66. Kg5
Rf8 67. h5 Kh8 68. Rf5 Re8 69. Kf4 Kg8 70. Re5 Ra8 71. Ke4 Kf8 72. Rf5+ Kg8 73.
Rd5 Kf8 74. Rf5+ Kg8 75. Rc5 Kf8 76. Ke5 Re8+ 77. Kd6 Rd8+ 78. Ke6 Re8+ 79. Kd7
Ra8 80. Rc6 Ra7+ 81. Ke6 Ra8 82. Rb6 Re8+ 83. Kd7 Re7+ 84. Kd6 Re8 85. Rb7 Ra8
86. Rf7+ Kg8 87. Rd7 Kf8 88. Kc7 Ra7+ 89. Kc6 Ra6+ 90. Kb7 Ra5 91. Rd8+ Ke7 92.
h6 1-0

[Event "Paul Keres Memorial 2015"]
[Site "Tallinn EST"]
[Date "2016.01.09"]
[Round "7.9"]
[White "Ganguly, Surya Shekhar"]
[Black "Balashov, Yuri S"]
[Result "1/2-1/2"]
[WhiteTitle "GM"]
[BlackTitle "GM"]
[WhiteElo "2660"]
[BlackElo "2408"]
[WhiteFideId "5002150"]
[BlackFideId "4100263"]
[EventDate "2016.01.08"]

1. d4 Nf6 2. Nf3 e6 3. c4 Bb4+ 4. Bd2 Bxd2+ 5. Qxd2 O-O 6. Nc3 d5 7. g3 Qe7 8.
Bg2 Rd8 9. Rd1 dxc4 10. Ne5 c5 11. Qe3 cxd4 12. Rxd4 Rxd4 13. Qxd4 Nbd7 14. Nxc4
Qc5 15. Qxc5 Nxc5 16. O-O Bd7 17. b4 Na4 18. Nxa4 Bxa4 19. Bxb7 Rb8 20. Na5 Bb5
21. Re1 h5 22. a3 Rd8 23. Bc6 a6 24. a4 Bxc6 25. Nxc6 Rd2 26. Rb1 Nd5 27. b5
axb5 28. axb5 Nb6 29. e3 f6 30. Kg2 e5 31. e4 g5 32. Ne7+ Kf7 33. Nf5 Ra2 34.
Rc1 Nd7 35. Rc7 Ke8 36. Rc8+ Kf7 37. Rc7 Ke8 38. Ng7+ Kd8 39. Ne6+ Ke8 40. Rc6
Rb2 41. Nc7+ Kf7 42. Rd6 Nc5 43. Rd5 Nxe4 44. Kf3 Nc3 45. Rc5 Rb3 46. Kg2 Ne4
47. Rc4 Nd6 48. Rc6 Nxb5 49. Nd5 Nd4 50. Rxf6+ Kg7 51. Ra6 g4 52. Ra1 Rb2 53.
Ne3 Kg6 54. Rf1 Kg5 55. h3 gxh3+ 56. Kxh3 Ra2 57. Kg2 h4 58. gxh4+ Kxh4 59. Rc1
Kg5 60. Rc8 Ne6 61. Kf3 Nd4+ 62. Kg2 Ne6 63. Rg8+ Kf6 64. Ng4+ Kf5 65. Ne3+ Ke4 1/2-1/2

[Event "Paul Keres Memorial 2015"]
[Site "Tallinn EST"]
[Date "2016.01.09"]
[Round "7.10"]
[White "Neiksans, Arturs"]
[Black "Mindlin, Alon"]
[Result "1-0"]
[WhiteTitle "GM"]
[WhiteElo "2607"]
[BlackElo "2421"]
[WhiteFideId "11601388"]
[BlackFideId "2800071"]
[EventDate "2016.01.08"]

1. e4 e5 2. Nf3 Nc6 3. Bb5 a6 4. Ba4 Nf6 5. O-O Be7 6. d3 d6 7. c4 O-O 8. h3 Rb8
9. Nc3 Nd4 10. Nxd4 exd4 11. Ne2 c5 12. Ng3 b5 13. Bb3 Re8 14. Qf3 bxc4 15. Bxc4
a5 16. Nf5 Bf8 17. Bg5 Bxf5 18. Qxf5 Re5 19. Bxf6 Qxf6 20. Qxf6 gxf6 21. f4 Re7
22. b3 Bh6 23. Rf3 f5 24. exf5 Re3 25. Raf1 Rbe8 26. g4 Bf8 27. g5 Kg7 28. f6+
Kg8 29. Bd5 Re2 30. R1f2 Re1+ 31. Kh2 Ra1 32. h4 Ree1 33. Rg3 Re3 34. Rxe3 dxe3
35. Re2 Kh8 36. Rxe3 Rxa2+ 37. Kg3 Rd2 38. Bxf7 1-0

[Event "Paul Keres Memorial 2015"]
[Site "Tallinn EST"]
[Date "2016.01.09"]
[Round "8.1"]
[White "Howell, David W L"]
[Black "Jumabayev, Rinat"]
[Result "1-0"]
[WhiteTitle "GM"]
[BlackTitle "GM"]
[WhiteElo "2685"]
[BlackElo "2607"]
[WhiteFideId "410608"]
[BlackFideId "13702661"]
[EventDate "2016.01.08"]

1. c4 c5 2. Nf3 Nc6 3. d4 cxd4 4. Nxd4 Nf6 5. Nc3 e6 6. g3 Qb6 7. Ndb5 Ne5 8.
Bg2 a6 9. Na3 Bxa3 10. bxa3 Nxc4 11. O-O O-O 12. Bg5 d5 13. Rc1 Nxa3 14. e4 d4
15. e5 Nd7 16. Ne4 Nxe5 17. Nf6+ gxf6 18. Bxf6 Ng6 19. Qh5 e5 20. Rc6 Qd8 21.
Qh6 Qxf6 22. Rxf6 Bg4 23. Bd5 Be2 24. Rxg6+ hxg6 25. Qxg6+ Kh8 26. Qh6+ Kg8 27.
Be4 1-0